LIBRARY & INFORMATION CENTRE, KCAET, TAVANUR

ONLINE PUBLIC ACCESS CATALOGUE (OPAC)

Energy production from rubber processing effluents through biomethanation (Record no. 14945)

MARC details
000 -LEADER
fixed length control field 00727nam a22001817a 4500
003 - CONTROL NUMBER IDENTIFIER
control field OSt
088 ## - REPORT NUMBER
Report number P 187
100 ## - MAIN ENTRY--AUTHOR NAME
Personal name HARI B. KRISHNAN
-- MUHAMMED RANEEF S
-- SURYA A.S
245 ## - TITLE STATEMENT
Title Energy production from rubber processing effluents through biomethanation
260 ## - PUBLICATION, DISTRIBUTION, ETC. (IMPRINT)
Place of publication Tavanur 2008
Name of publisher Kelappaji College of Agricultural Engineering and Technology
300 ## - PHYSICAL DESCRIPTION
Number of Pages 55
500 ## - GENERAL NOTE
General note Energy production from rubber processing effluents through biomethanation
520 ## - SUMMARY, ETC.
Summary, etc Energy production from rubber processing effluents through biomethanation
700 ## - ADDED ENTRY--PERSONAL NAME
Personal name Er. Hamza Mollakadavath (Guide)
856 ## - ELECTRONIC LOCATION AND ACCESS
Uniform Resource Identifier https://drive.google.com/open?id=16--Uu25wpDqmqmrooNspNhRms6_VPI3L
942 ## - ADDED ENTRY ELEMENTS (KOHA)
Koha item type Project Report
Holdings
Collection code Home library Current library Shelving location Full call number Accession Number Koha item type
Reference KAUAET KAUAET Reference 631.3 KRI/EN P 187 Project Report
free website counter